000 03804cam a22013094i 4500
003 PE-LiUPU
005 20250813185612.0
008 150706s2006 pe a rb 000 0 spa d
020 _a9789972278341
035 _a(Sirsi) i9789972278341
040 _aPE-LiUPU
_bspa
_cPE-LiUPU
_erda
049 _aPRUA
082 0 4 _a387.1985
_bA
_221
245 0 1 _aAnálisis de la competitividad de los puertos marítimos de uso público del Perú /
_cMartha Aguilar Meza . [et al.].
264 1 _aLima :
_bCENTRUM,
_c2006.
300 _a249 páginas :
_bilustraciones ;
_c23 centímetros
336 _atext
_2rdacontent
337 _aunmediated
_2rdamedia
338 _avolume
_2rdacarrier
490 0 _aColección Gerencia al día ;
_v21
504 _aIncluye bibliografía p. 227 - 241.
505 0 _aImportancia de la investigación -- Metodología de la investigación -- Marco teórico -- Concepto de puerto Terminales portuarios marítimos de uso público y los factores de competitividad -- Interrelación de componentes y factores de la competitividad y la medición -- Conclusiones y recomendaciones.
526 _aP202
526 _aP201
526 _aP163
526 _aP162
526 _aP161
526 _aP160
526 _aP148
526 _aP147
526 _aP146
526 _aP145
526 _aP144
526 _aP143
526 _aP142
526 _aP141
526 _aP140
526 _aP139
526 _aP138
526 _aP137
526 _aP136
526 _aP135
526 _aP134
526 _aP133
526 _aP129
526 _aP128
526 _aP127
526 _aP120
526 _aP119
526 _aP118
526 _aP116
526 _aP115
526 _aP114
526 _aP110
526 _aP109
526 _aP108
526 _aP104
526 _aP103
526 _aP102
526 _aP99
526 _aP98
526 _aP97
526 _aP96
526 _aP95
526 _aP93
526 _aP90
526 _aP89
526 _aP88
526 _aP83
526 _aP82
526 _aP62
526 _aP59
526 _aP58
526 _aP57
526 _aP51
526 _aP49
526 _aP48
526 _aP47
526 _aP29
526 _aP24
526 _aP20
526 _aP19
526 _aP17
526 _aP15
526 _aP14
526 _aP12
526 _aP10
526 _aP09
526 _aP08
526 _aP07
526 _aP06
526 _aP05
526 _aP04
526 _aP01
541 _g030-0012243;
541 _g030-0014458;
650 0 4 _aCompetitividad
_xAnálisis.
650 0 4 _aPuertos
_zPerú.
700 1 _aAguilar Meza, Martha Elisa,
_eautor.
700 1 _aBenavides Flores, Rubén Gonzalo,
_eautor.
700 1 _aMartínez Paredes, Breezy Pilar,
_eautor.
700 1 _aMorales Ramos, Rubén Hugo,
_eautor.
700 1 _aPeralta Espinoza, Manuel Adrián,
_eautor.
910 _agl
_bjv
_cng
_d20120605
942 _2ddc
_cBOOK
949 _a387.1985 A
_wDEWEY
_c1
_i64827
_lCCODEBUL1
_mBUL
_p12.00
_r0
_sY
_tBOOK
_u2015-7-6
_xFCE
_PP04
_o.STAFF. Colección General
949 _a387.1985 A
_wDEWEY
_c2
_i68141
_lCCODEBUL1
_mBUL
_p17.00
_r0
_sY
_tBOOK
_u2015-7-6
_xFCE
_PP04
_o.STAFF. Colección General
994 _aC0
_bPEPRU
596 _a1
999 _a387.1985 A
_wDEWEY
_c53530
_i64827
_f2021-11-5
_g6
_lCCODEBUL1
_mBUL
_p12.00
_r0
_sN
_tBOOK
_u2015-7-6
_xBIBLIOTECA
_PP04
_o.STAFF. Colección General
_d53530
999 _a387.1985 A
_wDEWEY
_c2
_i68141
_f2021-11-5
_g6
_lCCODEBUL1
_mBUL
_p17.00
_r0
_sN
_tBOOK
_u2015-7-6
_xBIBLIOTECA
_PP04
_o.STAFF. Colección General
980 _81
_gALBERTO SANCHEZ Responsable de Automatización